Очарованная душа: Роман. Пер. с фр.; Кн. 1, 2, 3

Dettagli Bibliografici
Autore principale: Роллан Р. Ромен
Altri autori: Воробьев Л. (автор предисловия), Пожарова И. (составитель)
Riassunto:Исключено из фонда НТБ ТПУ
Lingua:russo
Pubblicazione: Москва, Худож. лит., 1982
Natura: MixedMaterials Libro
KOHA link:https://koha.lib.tpu.ru/cgi-bin/koha/opac-detail.pl?biblionumber=122538

MARC

LEADER 00000nam0a2200000 4500
001 122538
005 20231031130059.0
020 |a RU  |b 82-92510 
035 |a (RuTPU)RU\TPU\book\132669 
090 |a 122538 
100 |a 20071004g1982 m y0rusy5003 ca 
101 1 |a rus  |c fre 
102 |a RU 
105 |a y z 000ay 
200 1 |a Очарованная душа  |e Роман. Пер. с фр.  |h Кн. 1, 2, 3  |f Р. Роллан  |g авт. предисл. Л. Воробьев; коммент.. И. Пожарова 
210 |a Москва  |c Худож. лит.  |d 1982 
215 |a 782 с. 
333 |a Исключено из фонда НТБ ТПУ 
700 1 |a Роллан  |b Р.  |g Ромен 
702 1 |a Воробьев  |b Л.  |4 080 
702 1 |a Пожарова  |b И.  |4 220 
801 0 |a RU  |b RuMRKP  |c 19950704  |g psbo 
801 1 |a RU  |b 63413507  |c 20071004  |g PSBO 
801 2 |a RU  |b 63413507  |c 20220513  |g PSBO 
942 |c BK